20 Famous People from Albania - Statistics

General Stats
  • This quiz has been taken 295 times
    233 since last reset
  • The average score is 10 of 20
Answer Stats
Hint Answer % Correct
British singer born to Albanian parents whose popular songs are Be the One, IDGAF and New Rules Dua Lipa
89%
Roman Catholic nun and missionary who founded the Missionaries of Charity in 1950 Mother Teresa
81%
Communist revolutionary who served as the First Secretary of the Party of Labour of Albania, from 1941 to 1985 Enver Hoxha
80%
Prime Minister of Albania since 2013 Edi Rama
76%
Singer born to Albanian parents known for her songs Hot Right Now, Anywhere and Let You Love Me Rita Ora
67%
Stage name of Amanda Ava Koci, whose parents are from Albania and whose famous song is Sweet but Psycho Ava Max
65%
Singer known for her single BonBon Era Istrefi
64%
Swiss footballer born to Kosovar Albanian parents who played for Liverpool from 2018 to 2021 Xherdan Shaqiri
64%
President of Albania from 1992 to 1997 and Prime Minister from 2005 to 2013 Sali Berisha
59%
Albania's most capped footballer who played for PSG, Marseille, Sunderland and Lazio Lorik Cana
55%
Nobleman and military commander who led a rebellion against the Ottoman Empire Skanderbeg
55%
American singer born to ethnic Albanian parents who received songwriting credits on Eminem's single The Monster Bebe Rexha
52%
Actor and comedian best known for the main role on the sitcom According to Jim Jim Belushi
48%
Kosovar politician who was the President of Kosovo from 2016 until his resignation in 2020 Hashim Thaci
39%
Writer best known for his novel The General of the Dead Army Ismail Kadare
37%
American actress of Albanian heritage who played in Buffy the Vampire Slayer and Angel Eliza Dushku
26%
Opera lyric soprano known for providing the voice of the diva Plavalaguna in the film The Fifth Element Inva Mula
22%
Italian singer born to Albanian who performed the song "Donna con te" at the Sanremo Music Festival in 1990 Anna Oxa
19%
Albanian-American physician and a co-winner of the 1998 Nobel Prize in Physiology or Medicine Ferid Murad
13%
Albanian-American professional ballroom dancer known for his involvement in the Dancing with the Stars Tony Dovolani
6%
No matching quizzes found
Score Distribution
Percent of People with Each Score
Percentile by Number Answered
Your Score History
You have not taken this quiz since the last reset